00654 2200217 4500001002100000005001700021008004100038035002600079245002500105100002500130250000600155260011700161300003700278020001800315082000800333084001000341520002700351650002200378990001800400990001800418INLIS00000000000134820191229212317.0191229| ||| | ind  a 0010-12190000000134800cAbdul Bari Saifuddin0 aAbdul Bari Saifuddin a2 aYayasan Bina Pustaka Sarwono Prawirohardjo : JakartabYayasan Bina Pustaka Sarwono Prawirohardjo : Jakartac2006 a296 hlm.;24 cm ;c296 hlm.;24 cm a979-8150-20-10 a600 a613,9 aSumbangan Perpusnas RI 0aKontrasepsi 613.9 aB201505262061 aB201505282253